000 00442pab a2200169 454500
008 180718b1999 xxu||||| |||| 00| 0 eng d
100 _aSinghvi, L.K.
245 _aVenture capital industry in India - an agenda for growth
260 _c1999
300 _ap.374-79
362 _aOct-Dec
650 _aVenture capital - India
650 _aJoint ventures - India
650 _aVenture capital
773 _aProductivity
909 _a44170
999 _c44170
_d44170